| 000 | 00383pab a2200157 454500 | ||
|---|---|---|---|
| 008 | 180718b2011 xxu||||| |||| 00| 0 eng d | ||
| 100 | _aBreeding, Mary E. | ||
| 245 | _aThe micro-politics of vote banks in Karnataka | ||
| 260 | _c2011 | ||
| 300 | _ap.71-77. | ||
| 362 | _a2 Apr | ||
| 650 | _aElections | ||
| 773 | _aEconomic and Political Weekly | ||
| 908 | _aN | ||
| 909 | _a91239 | ||
| 999 |
_c91239 _d91239 |
||